Statistieken voor 50 grootste wereldsteden

Klik hier om de quiz te nemen!

Algemene statistieken

  • Deze quiz is 92 keer genomen
  • De gemiddelde score is 19 van 50

Antwoordstatistieken

InwonersStedelijk gebied% Correct
22.4 mNew York
98%
17.8 mLos Angeles
95%
40.2 mTokio
94%
11.4 mParijs
90%
14.7 mLonden
87%
17.2 mMoskou
86%
13.1 mRio de Janeiro
79%
22.8 mMexico Stad
78%
16.3 mBuenos Aires
65%
9.75 mChicago
65%
29.4 mDelhi
63%
30.6 mJakarta
62%
20.5 mCairo
60%
18.3 mBangkok
59%
24.7 mMumbai
57%
20.4 mBeijing
54%
22.2 mSão Paulo
52%
13.7 mJohannesburg
51%
8.55 mWashington DC
51%
15.8 mIstanboel
48%
18.8 mLagos
46%
9.80 mBogotá
44%
8.70 mKuala Lumpur
38%
9.90 mLima
38%
19.5 mDhaka
35%
15.0 mTeheran
33%
12.0 mKinshasa
32%
17.7 mOsaka
32%
24.7 mSeoul
32%
45.6 mGuangzhou
30%
17.3 mKarachi
22%
35.9 mSjanghai
22%
9.10 mTaipei
19%
8.85 mWuhan
16%
8.60 mHo Chi Minh
14%
12.6 mLahore
13%
25.2 mManila
13%
11.8 mBangalore
10%
11.0 mChennai
8%
16.6 mKolkata
8%
9.90 mXiamen
8%
10.5 mNagoya
6%
9.85 mHyderabad
5%
7.90 mLuanda
5%
13.2 mTianjin
5%
9.80 mChengdu
3%
8.30 mHangzhou
3%
8.25 mAhmedabad
2%
8.05 mChongqing
2%
7.90 mShenyang
0%

Scoreverdeling

Percentiel versus Aantal Correcte Antwoorden

Procent van Mensen met Elke Score

Uw Scoregeschiedenis

U heeft deze quiz nog niet genomen